[Event "RSA-chT U16"]
[Site "Cape Town"]
[Date "2016.01.07"]
[Round "7.7"]
[White "Hansen, Marcques"]
[Black "Thomas, Nevin"]
[Result "1-0"]
[WhiteElo "1512"]
[BlackElo "1067"]
[PlyCount "81"]
[EventDate "2016.01.04"]
[EventType "team-tourn"]
[EventRounds "7"]
[EventCountry "RSA"]
[SourceTitle "CBM 170 Extra"]
[Source "ChessBase"]
[SourceDate "2016.02.25"]
[SourceVersion "1"]
[SourceVersionDate "2016.02.25"]
[SourceQuality "1"]
[WhiteTeam "Tshwane"]
[BlackTeam "Ekurhuleni"]
[WhiteTeamCountry "RSA"]
[BlackTeamCountry "RSA"]

1. d4 b6 2. Nc3 Bb7 3. e4 e6 4. Nf3 Nf6 5. Bd3 c5 6. Bg5 h6 7. Bh4 a6 8. e5 g5 9. Nxg5 hxg5 10. Bxg5 Bg7 11. Be4 Bc6 12. Qf3 cxd4 13. exf6 Bh6 14. Bxh6 Rxh6 15. Bxc6 Nxc6 16. Ne4 Qc7 17. 0-0-0 Rg6 18. a3 d5 19. Ng3 Ne5 20. Qe2 d3 21. Qd2 d4 22. Kb1 dxc2+ 23. Qxc2 Qxc2+ 24. Kxc2 Rc8+ 25. Kb3 Rxf6 26. f3 Rg6 27. Rxd4 Nc6 28. Rd2 Na5+ 29. Ka2 Rg5 30. Ne4 Nc4 31. Rc2 Rd5 32. Nf6+ Kd8 33. Nxd5 exd5 34. b3 Ne3 35. Rxc8+ Kxc8 36. g4 Kd7 37. h4 Ke6 38. h5 Kf6 39. h6 d4 40. h7 d3 41. h8Q+ 1-0

[Event "RSA-chT U16"]
[Site "Cape Town"]
[Date "2016.01.06"]
[Round "5.7"]
[White "Thomas, Nevin"]
[Black "Kettledas, Danielle"]
[Result "0-1"]
[WhiteElo "1067"]
[BlackElo "1041"]
[PlyCount "166"]
[EventDate "2016.01.04"]
[EventType "team-tourn"]
[EventRounds "7"]
[EventCountry "RSA"]
[SourceTitle "CBM 170 Extra"]
[Source "ChessBase"]
[SourceDate "2016.02.25"]
[SourceVersion "1"]
[SourceVersionDate "2016.02.25"]
[SourceQuality "1"]
[WhiteTeam "Ekurhuleni"]
[BlackTeam "Nelson Mandela Bay"]
[WhiteTeamCountry "RSA"]
[BlackTeamCountry "RSA"]

1. e4 c5 2. Nf3 Nc6 3. Bc4 e6 4. Nc3 Be7 5. d3 a6 6. Be3 b6 7. a4 d6 8. d4 cxd4 9. Nxd4 Bb7 10. Nxc6 Bxc6 11. 0-0 Nf6 12. f4 Nxe4 13. Nxe4 Bxe4 14. Qd4 Bxc2 15. Qxg7 Bf6 16. Qg3 Qc7 17. Be2 Be4 18. Bf3 Bxf3 19. Qxf3 Rc8 20. b4 Bxa1 21. Rxa1 Qc6 22. Qxc6+ Rxc6 23. b5 Rc8 24. bxa6 Ra8 25. Rc1 0-0 26. Bxb6 Rxa6 27. a5 Raa8 28. Rc3 Rfc8 29. Rg3+ Kf8 30. h4 f5 31. Kh2 Kf7 32. Re3 Re8 33. Bc7 h5 34. Bxd6 Rxa5 35. Be5 Rg8 36. Kh3 Ra2 37. g3 Rd2 38. Rc3 Re8 39. Rc7+ Re7 40. Rc8 Re8 41. Rc7+ Re7 42. Rc6 Rd1 43. Bd6 Rd7 44. Rc7 Rxc7 45. Bxc7 Rc1 46. Be5 Re1 47. Kg2 Ke7 48. Kf2 Re4 49. Kf3 Ra4 50. Bb2 Kd6 51. Be5+ Kd5 52. Kg2 Ke4 53. Kh3 Kf3 54. Bf6 Re4 55. Be5 Re1 56. Kh2 Re2+ 57. Kh3 Rg2 58. Bd6 Rxg3+ 59. Kh2 Kg4 60. Be5 Kxh4 61. Bf6+ Kg4 62. Bg5 h4 63. Be7 h3 64. Bd6 Rg2+ 65. Kh1 Re2 66. Bb4 Kg3 67. Bc3 h2 68. Bd2 Rg2 69. Be3 Rg1+ 70. Bxg1 hxg1Q+ 71. Kxg1 Kxf4 72. Kf2 Ke4 73. Ke2 e5 74. Kf2 f4 75. Ke2 f3+ 76. Kf2 Kf4 77. Kf1 e4 78. Kf2 e3+ 79. Ke1 Kg3 80. Kf1 e2+ 81. Ke1 Kg2 82. Kd2 f2 83. Kc2 e1Q 0-1

[Event "RSA-chT U16"]
[Site "Cape Town"]
[Date "2016.01.06"]
[Round "6.7"]
[White "Thomas, Nevin"]
[Black "Landitho, Mzwandile"]
[Result "0-1"]
[WhiteElo "1067"]
[BlackElo "1311"]
[PlyCount "28"]
[EventDate "2016.01.04"]
[EventType "team-tourn"]
[EventRounds "7"]
[EventCountry "RSA"]
[SourceTitle "CBM 170 Extra"]
[Source "ChessBase"]
[SourceDate "2016.02.25"]
[SourceVersion "1"]
[SourceVersionDate "2016.02.25"]
[SourceQuality "1"]
[WhiteTeam "Ekurhuleni"]
[BlackTeam "Johannesburg Metro"]
[WhiteTeamCountry "RSA"]
[BlackTeamCountry "RSA"]

1. d4 Nf6 2. e3 b6 3. Nf3 Bb7 4. Bc4 e6 5. c3 d5 6. Kf1 dxc4 7. Nbd2 Be7 8. Nxc4 0-0 9. Qc2 c5 10. b3 cxd4 11. cxd4 Nbd7 12. Bb2 Rc8 13. Qe2 b5 14. Ncd2 Rc2 0-1

[Event "RSA-chT U16"]
[Site "Cape Town"]
[Date "2016.01.04"]
[Round "1.7"]
[White "Thomas, Nevin"]
[Black "Venter, Charles"]
[Result "1-0"]
[WhiteElo "1067"]
[BlackElo "1111"]
[PlyCount "127"]
[EventDate "2016.01.04"]
[EventType "team-tourn"]
[EventRounds "7"]
[EventCountry "RSA"]
[SourceTitle "CBM 170 Extra"]
[Source "ChessBase"]
[SourceDate "2016.02.25"]
[SourceVersion "1"]
[SourceVersionDate "2016.02.25"]
[SourceQuality "1"]
[WhiteTeam "Ekurhuleni"]
[BlackTeam "Kenneth Kaunda"]
[WhiteTeamCountry "RSA"]
[BlackTeamCountry "RSA"]

1. e4 e5 2. Nf3 Bd6 3. Nc3 b6 4. Nb5 Bc5 5. d4 exd4 6. Nfxd4 Qh4 7. Bd3 Nc6 8. Be3 Rb8 9. Qf3 Nh6 10. 0-0-0 Ne5 11. Qg3 Qxg3 12. hxg3 Nxd3+ 13. Rxd3 Ba6 14. Nxc7+ Kd8 15. Nxa6 Rb7 16. Nc6+ Kc8 17. Bxc5 dxc6 18. Be3 Ng4 19. Bd4 c5 20. Rc3 Kd8 21. Bxg7 Rg8 22. f3 Nf2 23. Rxh7 f6 24. Bxf6+ Kc8 25. Bd4 Rxh7 26. Bxf2 Rd8 27. b3 Kb7 28. Nxc5+ bxc5 29. Rxc5 Rh1+ 30. Kb2 Rh2 31. a4 Rxg2 32. Rb5+ Ka6 33. Be3 Rxg3 34. b4 Rxf3 35. Ra5+ Kb7 36. Bc5 a6 37. b5 axb5 38. Rxb5+ Ka6 39. e5 Re8 40. Bd4 Rf4 41. c3 Re4 42. Kb3 Rf8 43. Rb6+ Ka5 44. Rb7 Ra8 45. Rb5+ Ka6 46. Kb4 Re1 47. Rb6+ Ka7 48. Rb5+ Ka6 49. Ra5+ Kb7 50. Rxa8 Kxa8 51. c4 Kb7 52. Kc5 Kc7 53. Kd5 Kd7 54. c5 Rh1 55. c6+ Kc7 56. a5 Rh6 57. Bb6+ Kb8 58. e6 Rh7 59. Kd6 Rh6 60. Kd7 Rxe6 61. Kxe6 Ka8 62. c7 Kb7 63. Kd7 Ka8 64. c8Q# 1-0